header

Urban interstices : (Record no. 124434)

MARC details
000 -LEADER
fixed length control field 01775nam a2200397 i 4500
001 - CONTROL NUMBER
control field ebr10768055
003 - CONTROL NUMBER IDENTIFIER
control field CaPaEBR
006 - FIXED-LENGTH DATA ELEMENTS--ADDITIONAL MATERIAL CHARACTERISTICS--GENERAL INFORMATION
fixed length control field m o d
007 - PHYSICAL DESCRIPTION FIXED FIELD--GENERAL INFORMATION
fixed length control field cr cn|||||||||
008 - FIXED-LENGTH DATA ELEMENTS--GENERAL INFORMATION
fixed length control field 130502t20132013enka ob 001 0 eng|d
020 ## - INTERNATIONAL STANDARD BOOK NUMBER
Cancelled/invalid ISBN 9781472410016 (hardback : alk. paper)
International Standard Book Number 9781472410023 (e-book)
040 ## - CATALOGING SOURCE
Original cataloging agency CaPaEBR
Language of cataloging eng
Description conventions rda
-- pn
Transcribing agency CaPaEBR
035 ## - SYSTEM CONTROL NUMBER
System control number (OCoLC)861536506
050 14 - LIBRARY OF CONGRESS CALL NUMBER
Classification number HT153
Item number .U73 2013eb
082 04 - DEWEY DECIMAL CLASSIFICATION NUMBER
Classification number 307.1/216
Edition number 23
245 00 - TITLE STATEMENT
Title Urban interstices :
Remainder of title the aesthetics and the politics of the in-between /
Statement of responsibility, etc edited by Andrea Mubi Brighenti.
264 #1 - PRODUCTION, PUBLICATION, DISTRIBUTION, MANUFACTURE, AND COPYRIGHT NOTICE
Place of production, publication, distribution, manufacture Farnham, Surrey, England ;
-- Burlington, VT :
Name of producer, publisher, distributor, manufacturer Ashgate Pub. Limited,
Date of production, publication, distribution, manufacture, or copyright notice [2013]
Date of production, publication, distribution, manufacture, or copyright notice �2013
300 ## - PHYSICAL DESCRIPTION
Extent 1 online resource (230 pages) :
Other physical details illustrations
336 ## - CONTENT TYPE
Content type term text
Source rdacontent
337 ## - MEDIA TYPE
Media type term computer
Source rdamedia
338 ## - CARRIER TYPE
Carrier type term online resource
Source rdacarrier
504 ## - BIBLIOGRAPHY, ETC. NOTE
Bibliography, etc Includes bibliographical references and index.
588 ## - SOURCE OF DESCRIPTION NOTE
Source of description note Description based on print version record.
590 ## - LOCAL NOTE (RLIN)
Local note Electronic reproduction. Palo Alto, Calif. : ebrary, 2013. Available via World Wide Web. Access may be limited to ebrary affiliated libraries.
650 #0 - SUBJECT ADDED ENTRY--TOPICAL TERM
Topical term or geographic name as entry element Public spaces
Form subdivision Case studies.
Topical term or geographic name as entry element City planning
Form subdivision Case studies.
Topical term or geographic name as entry element Urbanization
Form subdivision Case studies.
Topical term or geographic name as entry element Sociology, Urban
Form subdivision Case studies.
655 #0 - INDEX TERM--GENRE/FORM
Genre/form data or focus term Electronic books.
700 1# - ADDED ENTRY--PERSONAL NAME
Personal name Mubi Brighenti, Andrea.
776 08 - ADDITIONAL PHYSICAL FORM ENTRY
Display text Print version:
Title Urban interstices : the aesthetics and the politics of the in-between.
Place, publisher, and date of publication Farnham, Surrey, England : Ashgate Pub. Limited, [2013]
Physical description xxiii, 205 pages
International Standard Book Number 9781472410016
Record control number (DLC) 2013011974
797 2# - LOCAL ADDED ENTRY--CORPORATE NAME (RLIN)
Corporate name or jurisdiction name as entry element ebrary.
856 40 - ELECTRONIC LOCATION AND ACCESS
Uniform Resource Identifier <a href="http://site.ebrary.com/lib/rucke/Doc?id=10768055">http://site.ebrary.com/lib/rucke/Doc?id=10768055</a>
Public note An electronic book accessible through the World Wide Web; click to view

No items available.

© 2026 Rongo University
Contact us: librarian | system librarian | Rongo university